Flagi państw, które są tylko czerwone, białe i niebieskie - Statystyki

Ogólne statystyki
  • Ten quiz został rozwiązany 4 712 razy
    4 216 od ostatniego zresetowania
  • Średni wynik to 21 z 23
Statystyki odpowiedzi
Obrazkowy Odpowiedź % Poprawnych
Czechy
99%
Francja
99%
Australia
98%
Norwegia
98%
Rosja
98%
Słowacja
98%
Stany Zjednoczone
98%
Wielka Brytania
98%
Chile
97%
Holandia
97%
Islandia
97%
Luksemburg
95%
Nowa Zelandia
95%
Korea Północna
94%
Kuba
93%
Nepal
93%
Panama
89%
Tajlandia
88%
Kostaryka
79%
Laos
79%
Tajwan
78%
Liberia
68%
Samoa
56%
Nie znaleziono quizów pasujących do podanych kryteriów
Rozkład punktacji
Procent ludzi z każdym wynikiem
Percentyl według liczby udzielonych odpowiedzi
Twoja historia wyników
Nie rozwiązałeś tego quizu od ostatniego zresetowania